000 00695nam a22002417a 4500
999 _c4132
_d4132
003 AR-CdUCM
008 190308b ||||| |||| 00| 0 spa d
020 _a968-16-1530-1
040 _aMUNICIPALIDAD PROVINCIAL DEL CUSCO
_cBIBLIOTECA MUNICIPAL DEL CUSCO
082 _a869.15 /
_bC25
100 _aCastellanos, Rosario
_94323
245 _aBalún - Canán /
260 _aMexico :
_bFondo de Cultura Económica,
_c1983.
300 _a291 paginas ;
_c21cm.
440 _aLecturas Mexicanas
_n6
_913091
500 _aNovela
650 _aNovelas Mexicanas
_9676
650 _aLiteratura
_983
650 _aHistoria
_943987
650 _aSiglo XX
_98
942 _2ddc
_cLIBROS
945 _apjha